000 00573nam a2200145 i 4500
001 49573
003 ES-MaACL
007 t|
008 030718s1886 sp ||||1| spa d
245 0 0 _aCosta Rica y Colombia de 1573 a 1881
_b: su jurisdicción y sus límites territoriales según los documentos inéditos del Archivo de Indias de Sevilla /
_crecogidos y publicados por Manuel M. de Peralta.
260 _aMadrid :
_b[s.n.],
_c1886 (
_fManuel G. Hernández)
300 _aVII, 408 p., 2 map. ;
_c23 cm.
700 1 _aPeralta, Manuel M.
_990377
852 _aES-MaACL
_jG-11448
999 _c49573
_d49573